000 00722nam a2200217Ii 4500
003 JO-AjNU
008 230605s9999||||xx |||||||||||||| ||und||
017 _a2004/9/2242
020 _a9957-11-573-1
040 _aJO-AjNU
_bara
_erda
_cJO-AjNU
041 _aara
050 1 4 _aQA76.73.B3,H34 2004
100 3 _aالحلبي، يحيى صبري/ م مشارك محمد بلال الزعبي ,
_eauthor
_929200
245 0 0 _aفيجوال بيسك 6=VISUAL BASIC6
264 3 1 _aعمان:دار وائل ، 2004
300 _a416ص
336 _atext
_btxt
_2rdacontent
337 _aunmediated
_bn
_2rdamedia
338 _avolume
_bnc
_2rdacarrier
650 4 _aالحاسبات الالكترونية- لغات
_929201
999 _aA11421
_c14989
_d14989